Phòng và chữa bệnh bằng xoa bóp bấm huyệt ở tuyến cơ sở

Zapisane w:
Opis bibliograficzny
1. autor: Vũ, Thị Khánh Vân
Format: Książka
Język:Undetermined
Wydane: Hà Nội Quân đội Nhân dân 2007
Hasła przedmiotowe:
Etykiety: Dodaj etykietę
Nie ma etykietki, Dołącz pierwszą etykiete!
Thư viện lưu trữ: Trung tâm Học liệu Trường Đại học Cần Thơ
LEADER 00665nam a2200193Ia 4500
001 CTU_128256
008 210402s9999 xx 000 0 und d
020 |c 12000 
082 |a 615.882 
082 |b V121 
100 |a Vũ, Thị Khánh Vân 
245 0 |a Phòng và chữa bệnh bằng xoa bóp bấm huyệt ở tuyến cơ sở 
245 0 |c Vũ Thị Khánh Vân 
260 |a Hà Nội 
260 |b Quân đội Nhân dân 
260 |c 2007 
650 |a Folk medicine,Massage therapy,Acupressure,Chữa bệnh Massa,Châm cứu 
904 |i Tuyến 
980 |a Trung tâm Học liệu Trường Đại học Cần Thơ